000 01152cam a2200337 a 4500
003 CHAP
005 20220329142120.0
008 990810d1994 mx r 00110 spa d
010 _a78675
011 _a79647
020 _a9682974836
035 _a90019
040 _cCHAP
082 0 4 _a327.72
_bI2
100 0 0 _aIcaza, Carlos A. de.
_957264
245 1 3 _aEl orden mundial emergente :
_bMéxico en el siglo XXI
_c/por Carlos A. de Icaza y José Rivera Banuet
260 _aMéxico, D.F. :
_bConsejo Nacional para la Cultura y las Artes,
_c1994.
300 _a221 p. :
_bgráfs. ; cuadros
590 _aBATCH-UPD
_b10
_c20130110
_lUCH01
_h0739
590 _aBATCH-UPD
_b10
_c20130410
_lUCH01
_h0421
590 _aBATCH-UPD
_b10
_c20130914
_lUCH01
_h1016
590 _aCONVERSION
_b10
_c20130109
_lUCH01
_h1344
650 1 4 _aComercio internacional.
_925641
650 1 4 _aMéxico
_xRelaciones exteriores.
_976785
650 1 4 _aRelaciones internacionales.
_995822
700 0 _aRivera Banuet, José.
_997606
901 _aBK
905 _aBlanca M. García O.
942 _cLIBRO
949 _a327.72 I2
_bBC
_cLIBRO
_d33724000736278
_eLIBRO
_h96083
_i90019
_si
999 _c78675
_d78675